000 00614nam a22001817a 4500
005 20231123085433.0
008 231123b |||||||| |||| 00| 0 eng d
020 _a9780409018288 ; 9780409018295
041 _aEnglish
082 _a342 CHE
100 _aCheadle, MH ; Davis, DM and Haysom, NRL
_lEnglish
245 _aSouth African Constitutional Law :
_bThe Bill of Rights /
_cMH Cheadle, DM Davis and NRL Haysom
250 _aSecond Edition
260 _aDurban :
_bLexisNexis (Pty) Ltd,
_c2005
300 _bxx,
_c26 cm.
650 _aLegal practice
_bLaw
942 _cBK
_6ALISON_BN_VRIES
999 _c876
_d876